Por amor al arte : (Registro nro. 13183)

Detalles MARC
000 -CABECERA
campo de control de longitud fija 02164nam a2200373 a 4500
001 - NÚMERO DE CONTROL
campo de control 000034459
003 - IDENTIFICADOR DEL NÚMERO DE CONTROL
campo de control DO-SdBPM
005 - FECHA Y HORA DE LA ÚLTIMA TRANSACCIÓN
campo de control 20251202112114.0
007 - CAMPO FIJO DE DESCRIPCIÓN FÍSICA--INFORMACIÓN GENERAL
campo de control de longitud fija ta
008 - DATOS DE LONGITUD FIJA--INFORMACIÓN GENERAL
campo de control de longitud fija 111004s1995 dr acg 000 0 spa d
040 ## - FUENTE DE LA CATALOGACIÓN
Centro catalogador/agencia de origen DO-SdBPM
Lengua de catalogación spa
Centro/agencia transcriptor BPMSU
Normas de descripción rda
082 #4 - NÚMERO DE LA CLASIFICACIÓN DECIMAL DEWEY
Número de clasificación 780.97293
Número de documento/Ítem I37p 1995
Número de edición 22
100 1# - ENTRADA PRINCIPAL--NOMBRE DE PERSONA
Nombre de persona Incháustegui, Arístides,
Fechas asociadas al nombre 1938-
Término indicativo de función/relación autor
Código de función/relación aut.
245 10 - MENCIÓN DE TÍTULO
Título Por amor al arte :
Resto del título notas sobre música, compositores e intérpretes dominicanos /
Mención de responsabilidad, etc. Arístides Incháustegui.
260 ## - PUBLICACIÓN, DISTRIBUCIÓN, ETC.
Lugar de publicación, distribución, etc.
264 ## - PRODUCCIÓN, PUBLICACIÓN, DISTRIBUCIÓN, FABRICACIÓN Y COPYRIGHT
Producción, publicación, distribución, fabricación y copyright Santo Domingo :
Nombre del de productor, editor, distribuidor, fabricante Secretaría de Estado de Educación, Bellas Artes y Cultos,
Fecha de producción, publicación, distribución, fabricación o copyright 1995.
300 ## - DESCRIPCIÓN FÍSICA
Extensión 398 páginas :
Otras características físicas ilustraciones, música, retratos. ;
Dimensiones 29 cm.
336 ## - TIPO DE CONTENIDO
Término de tipo de contenido texto
Código de tipo de contenido txt
Fuente rdacontent
337 ## - TIPO DE MEDIO
Nombre/término del tipo de medio sin mediación
Código del tipo de medio n
Fuente rdamedia
338 ## - TIPO DE SOPORTE
Nombre/término del tipo de soporte volumen
Código del tipo de soporte nc
Fuente rdacarrier
500 ## - NOTA GENERAL
Nota general Incluye índice onomástico.
505 0# - NOTA DE CONTENIDO CON FORMATO
Título Compositores dominicanos --
-- Familias dominicanas de músicos --
-- Músicos extranjeros pioneros en el país --
-- Pianistas dominicanos --
-- Violinistas dominicanos --
-- Cantantes dominicanos --
-- Apuntes para la historia del Himno Dominicano --
-- En el cincuentenario de La Voz Dominicana --
-- La nueva bachata dominicana --
-- Antonio Mesa en el centenario de su nacimiento --
-- Recitales de música dominicana --
-- El disco en la República Dominicana --
-- Discografía de Eduardo Brito --
-- Discografía de Antonio Mesa --
-- Stokowski y el merengue dominicano: primeras grabaciones de Luis Alberti --
Información miscelánea Adenda:
Título Mi amigo Alfredo Sadel (1930-1989) --
-- El arte de Luis Carbonell (1923) --
-- El arte de Néstor Mesta Chayres (1908-1971) --
-- El arte de Pedro Vargas (1906-1989) --
Información miscelánea Índice onomástico.
590 ## - NOTA LOCAL (RLIN)
Nota local Inventariado, 2025/VM
650 #7 - PUNTO DE ACCESO ADICIONAL DE MATERIA--TÉRMINO DE MATERIA
Término de materia o nombre geográfico como elemento de entrada Músicos dominicanos
Subdivisión de forma Biografías
650 #7 - PUNTO DE ACCESO ADICIONAL DE MATERIA--TÉRMINO DE MATERIA
Término de materia o nombre geográfico como elemento de entrada Compositores dominicanos
650 #7 - PUNTO DE ACCESO ADICIONAL DE MATERIA--TÉRMINO DE MATERIA
Término de materia o nombre geográfico como elemento de entrada Música dominicana
Subdivisión general Historia y crítica
650 #7 - PUNTO DE ACCESO ADICIONAL DE MATERIA--TÉRMINO DE MATERIA
Término de materia o nombre geográfico como elemento de entrada Música popular dominicana
Subdivisión general Autores y editores
650 #7 - PUNTO DE ACCESO ADICIONAL DE MATERIA--TÉRMINO DE MATERIA
Término de materia o nombre geográfico como elemento de entrada Música popular dominicana
Subdivisión general Discografía
650 #7 - PUNTO DE ACCESO ADICIONAL DE MATERIA--TÉRMINO DE MATERIA
Término de materia o nombre geográfico como elemento de entrada Industria de la música
Subdivisión geográfica República Dominicana
650 #4 - PUNTO DE ACCESO ADICIONAL DE MATERIA--TÉRMINO DE MATERIA
Término de materia o nombre geográfico como elemento de entrada Himnos patrióticos dominicanos
650 #7 - PUNTO DE ACCESO ADICIONAL DE MATERIA--TÉRMINO DE MATERIA
Término de materia o nombre geográfico como elemento de entrada Música en el arte
910 ## - DATOS DE OPCIÓN DEL USUARIO (OCLC)
Datos de opción del usuario VMateo. Control de calidad. BPMSU
942 ## - ELEMENTOS DE PUNTO DE ACCESO ADICIONAL (KOHA)
Fuente del sistema de clasificación o colocación Dewey Decimal Classification
Tipo de ítem Koha Libros
Existencias
Estado de retiro Estado de pérdida Fuente del sistema de clasificación o colocación No para préstamo Código de colección Localización permanente Ubicación/localización actual Fecha de adquisición Fuente de adquisición Total de préstamos Signatura topográfica completa Código de barras Fecha visto por última vez Precio válido a partir de Tipo de ítem Koha
    Dewey Decimal Classification   Colección Dominicana Biblioteca Pública Metropolitana Salomé Ureña Biblioteca Pública Metropolitana Salomé Ureña 11/28/2017 FUNDI   BPMSU CD 780.97293 I37p 1995 BPMSU17110511 11/28/2017 11/28/2017 Libros